Online
Catalog

Gouverneurs de la Rosée : (Record no. 35630)

MARC details
000 -CABECERA
campo de control de longitud fija 00677nam a2200193 a 4500
001 - NÚMERO DE CONTROL
campo de control 000036139
005 - FECHA Y HORA DE LA ÚLTIMA TRANSACCIÓN
campo de control 20200930074919.0
008 - DATOS DE LONGITUD FIJA--INFORMACIÓN GENERAL
campo de control de longitud fija 101014s1944 ht 000 0 cpf d
040 ## - FUENTE DE LA CATALOGACIÓN
Centro catalogador/agencia de origen DO-SdBNP
Lengua de catalogación spa
Centro/agencia transcriptor BNPHU
082 ## - NÚMERO DE LA CLASIFICACIÓN DECIMAL DEWEY
Número de clasificación xxxx
Número de documento/Ítem R859g
100 1# - ENTRADA PRINCIPAL--NOMBRE DE PERSONA
Nombre de persona Roumain, Jacques,
Fechas asociadas al nombre 1907-
9 (RLIN) 62175
245 10 - MENCIÓN DE TÍTULO
Título Gouverneurs de la Rosée :
Resto del título roman /
Mención de responsabilidad, etc. Jacques Roumain.
260 ## - PUBLICACIÓN, DISTRIBUCIÓN, ETC.
Lugar de publicación, distribución, etc. Port-au-Prince :
Nombre del editor, distribuidor, etc. Fardin,
Fecha de publicación, distribución, etc. 1944.
300 ## - DESCRIPCIÓN FÍSICA
Extensión xiv, 321 p. ;
Dimensiones 19 cm.
490 1# - MENCIÓN DE SERIE
Mención de serie Indigene
500 ## - NOTA GENERAL
Nota general Incluye datos biográficos de la autor
504 ## - NOTA DE BIBLIOGRAFÍA, ETC.
Nota de bibliografía, etc. Incluye referencias bibliográficas y notas al pie de las páginas
590 ## - NOTA LOCAL (RLIN)
Nota local Perteneció a la biblioteca personal de Juan Isidro Jimenes Grullón
Holdings
Estado de retiro Estado de pérdida Restricciones de uso No para préstamo Código de colección Localización permanente Ubicación/localización actual Ubicación en estantería Fecha de adquisición Número de inventario Total de préstamos Signatura topográfica completa Código de barras Fecha visto por última vez Precio válido a partir de Tipo de ítem Koha Nota pública
      Excluido de préstamo Monografías: Libros y Folletos General General En catalogación 19.12.2011 LF1   xxxx R859g 36139-10 25.06.2020 25.06.2020 No se presta Perteneció a la biblioteca personal de Juan Isidro Jimenes Grullón

Powered by Koha